| 000 | 00419cam a2200181ua 4500 | ||
|---|---|---|---|
| 020 | _c4.00 | ||
| 041 |
_ahin _h |
||
| 082 |
_a891.54 _bGOV/JU |
||
| 100 | _aGovinda Vallab, Pant. | ||
| 245 |
_aJuniya / _cGovinda Vallab Pant. _hTextual Documents |
||
| 250 |
_a1 / _b. |
||
| 260 |
_a : _bGanga Pustakamala Karyalay. |
||
| 300 | _a233 ; . | ||
| 365 | _a4.00 | ||
| 504 | _a | ||
| 942 | _cBK | ||
| 999 |
_c8061 _d8061 |
||